000 00608nam a2200241Ia 4500
003 OSt
005 20250626113553.0
008 210423s2010 xx 000 0 und d
020 _a9789380108216
040 _cAL
041 _aeng
082 _a005.1302
_223
_bDALC
100 _aNell Dale
_988829
245 _aC++ plus data structures
250 _a4
260 _aBoston
_bJones & Bartlett Publishers
_c2010
300 _axvi,781
_bPB
365 _b495
_cINR
650 _aComputer Programming
_988830
650 _aGeneral
_988831
906 _aC++ ; data ; plus ; structures
942 _2ddc
_cBK
999 _c159857
_d159857